| 000 | 00543nam a22001457a 4500 | ||
|---|---|---|---|
| 082 | _a621 | ||
| 100 | _aBashir, Ehsan Elahi | ||
| 245 |
_aTarget Detection and Interception using Modified POMDP Based Motion Planning of Mobile Robots in a Known Environment / _cEhsan Elahi Bashir |
||
| 260 |
_aIslamabad : _bCEME - NUST, _c2015. |
||
| 300 |
_a61 p. ; _c30cm. |
||
| 650 |
_aMechatronics Engineering-MS-Thesis _916096 |
||
| 700 |
_aDr. Kunwar Faraz Ahmed Khan _917311 |
||
| 942 |
_2ddc _cTHE |
||
| 999 |
_c537872 _d537872 |
||